000 00456nam a2200157Ia 4500
008 240729s9999 xx 000 0 und d
022 _a1756-8307
245 0 _aInternational Journal of Micro Air Vehicles
260 _aUnited Kingdom
260 _bSAGE Publishing
650 _a Motor vehicles. Aeronautics. Astronautics
650 _aTechnology
856 _uhttps://doaj.org/toc/ffaa6c3449f94bdc8cc7258fcc08e4ea
942 _2ddc
942 _cDOAJEJ
999 _c67662
_d67662
945 _a1
_bMadushi Gamage
_c1
_dMadushi Gamage